[Event "Benidorm 2005 - Torneo de las Estrellas"]
[Site "Benidorm ESP"]
[Date "2005.11.18"]
[Round "5.1"]
[White "Delchev, Aleksander"]
[Black "Dreev, Alexey"]
[Result "1/2-1/2"]
[WhiteElo "2669"]
[BlackElo "2694"]
[PlyCount "68"]
[EventDate "2005.11.17"]
[EventType "swiss (rapid)"]
[EventRounds "11"]
[EventCountry "ESP"]
[Source "lmi"]
[SourceDate "2005.11.20"]

1. d4 d5 2. Nf3 Nf6 3. c4 c6 4. Nc3 e6 5. e3 a6 6. c5 b6 7. cxb6 Nbd7 8. Bd3 c5
9. e4 cxd4 10. Nxd4 Qxb6 11. Nb3 Bb4 12. exd5 Nxd5 13. O-O Bb7 14. Nxd5 Bxd5
15. Be3 Qb7 16. Qg4 Nf6 17. Qg3 O-O 18. Bd4 Be7 19. Rac1 Rfc8 20. Nc5 Qb4 21.
Bc3 Qg4 22. Qxg4 Nxg4 23. Nd7 Bd8 24. h3 Nf6 25. Nxf6+ gxf6 26. b3 Kg7 27. Bd2
Bb6 28. Be2 a5 29. Rxc8 Rxc8 30. Rc1 Rd8 31. Be1 f5 32. Kf1 Kg6 33. Rc3 Kf6 34.
Bf3 a4 1/2-1/2

[Event "Benidorm 2005 - Torneo de las Estrellas"]
[Site "Benidorm ESP"]
[Date "2005.11.18"]
[Round "5.2"]
[White "Nisipeanu, Liviu-Dieter"]
[Black "Korneev, Oleg"]
[Result "1-0"]
[WhiteElo "2707"]
[BlackElo "2601"]
[PlyCount "55"]
[EventDate "2005.11.17"]
[EventType "swiss (rapid)"]
[EventRounds "11"]
[EventCountry "ESP"]
[Source "lmi"]
[SourceDate "2005.11.20"]

1. e4 c5 2. Nf3 e6 3. d4 cxd4 4. Nxd4 a6 5. Bd3 Bc5 6. Nb3 Ba7 7. Qg4 Nf6 8.
Qg3 d6 9. O-O Nc6 10. Nc3 Ne5 11. Be2 b5 12. Bf4 b4 13. Rad1 Qe7 14. Rxd6 Qxd6
15. Bxe5 Qe7 16. Bd6 bxc3 17. Bxe7 Kxe7 18. Qxc3 Rd8 19. Na5 Bd7 20. Qa3+ Ke8
21. Nb7 Nxe4 22. Bf3 Bc6 23. Bxe4 Bxe4 24. Nxd8 Bd5 25. c4 Be4 26. Rd1 Rxd8 27.
Rxd8+ Kxd8 28. Qf8+ 1-0

[Event "Benidorm 2005 - Torneo de las Estrellas"]
[Site "Benidorm ESP"]
[Date "2005.11.18"]
[Round "5.3"]
[White "Malakhov, Vladimir"]
[Black "Karjakin, Sergey"]
[Result "1/2-1/2"]
[WhiteElo "2670"]
[BlackElo "2658"]
[PlyCount "99"]
[EventDate "2005.11.17"]
[EventType "swiss (rapid)"]
[EventRounds "11"]
[EventCountry "ESP"]
[Source "lmi"]
[SourceDate "2005.11.20"]

1. Nf3 d5 2. g3 Nf6 3. Bg2 c6 4. O-O Bg4 5. d3 Nbd7 6. h3 Bh5 7. c4 e6 8. cxd5
exd5 9. Nc3 Bc5 10. d4 Bd6 11. Nh4 O-O 12. Qc2 Re8 13. Bg5 Bg6 14. Nxg6 hxg6
15. h4 Nf8 16. e4 dxe4 17. Nxe4 Be7 18. Nc5 Bxc5 19. dxc5 Ne6 20. Qc4 Qd4 21.
Qxd4 Nxd4 22. Rfd1 Rad8 23. Kf1 Ne6 24. b4 Rxd1+ 25. Rxd1 Kf8 26. Bc1 a6 27.
Bb2 Nc7 28. Re1 Rd8 29. Be5 Nfe8 30. Ke2 f6 31. Bb2 Nd5 32. a3 Nec7 33. Kf1 a5
34. bxa5 Ra8 35. Be4 Kf7 36. Rb1 Rxa5 37. Bd4 Ra7 38. Rb3 Ne6 39. Bxd5 cxd5 40.
c6 Nxd4 41. cxb7 Nc6 42. b8=Q Nxb8 43. Rxb8 Rxa3 44. Rb7+ Kg8 45. Rd7 Ra5 46.
Ke2 Kh7 47. Rd8 g5 48. hxg5 fxg5 49. Rd6 g6 50. Ke1 1/2-1/2

[Event "Benidorm 2005 - Torneo de las Estrellas"]
[Site "Benidorm ESP"]
[Date "2005.11.18"]
[Round "5.4"]
[White "Stefanova, Antoaneta"]
[Black "Cantero, Antonio"]
[Result "1-0"]
[WhiteElo "2494"]
[BlackElo "2260"]
[PlyCount "63"]
[EventDate "2005.11.17"]
[EventType "swiss (rapid)"]
[EventRounds "11"]
[EventCountry "ESP"]
[Source "lmi"]
[SourceDate "2005.11.20"]

1. d4 d5 2. c4 e6 3. Nf3 Nf6 4. g3 c6 5. Qc2 Bd6 6. Nbd2 O-O 7. Bg2 Nbd7 8. O-O
Re8 9. Rd1 Qe7 10. e4 Nxe4 11. Nxe4 dxe4 12. Qxe4 e5 13. Bg5 f6 14. Be3 exd4
15. Qxe7 Bxe7 16. Nxd4 Ne5 17. Rac1 Bg4 18. f3 Bd7 19. h3 Bc5 20. Bf2 Rad8 21.
f4 Nf7 22. a3 a5 23. Nb3 Bxf2+ 24. Kxf2 b6 25. Rxd7 Rxd7 26. Bxc6 Rd3 27. Bxe8
Rxb3 28. Rc2 Nd6 29. Bc6 Nf5 30. c5 Kf8 31. Ba4 Rxg3 32. cxb6 1-0

[Event "Benidorm 2005 - Torneo de las Estrellas"]
[Site "Benidorm ESP"]
[Date "2005.11.18"]
[Round "5.5"]
[White "Gomez Baillo, Jorge H"]
[Black "Serrano Marhuenda, Salvador"]
[Result "1-0"]
[WhiteElo "2422"]
[BlackElo "2186"]
[PlyCount "82"]
[EventDate "2005.11.17"]
[EventType "swiss (rapid)"]
[EventRounds "11"]
[EventCountry "ESP"]
[Source "lmi"]
[SourceDate "2005.11.20"]

1. e4 c5 2. c3 d5 3. exd5 Qxd5 4. d4 Nf6 5. Nf3 Bg4 6. dxc5 Qxd1+ 7. Kxd1 Nbd7
8. b4 O-O-O 9. Kc2 e5 10. Bb5 a6 11. Ba4 e4 12. Nd4 Ne5 13. Be3 Nd5 14. h3 Bh5
15. Nd2 Bg6 16. Rad1 Be7 17. Rhf1 h6 18. Bb3 Nxe3+ 19. fxe3 Bg5 20. Rde1 Rhf8
21. Nc4 Nd3 22. Re2 Kb8 23. Nd6 Ne5 24. N4f5 Bxf5 25. Rxf5 f6 26. Nxe4 g6 27.
Rf1 f5 28. Nxg5 hxg5 29. Rd1 g4 30. h4 g3 31. Rd4 Ng4 32. Bd5 Rh8 33. Bf3 Ne5
34. Bd5 Ng4 35. e4 f4 36. c4 Ne5 37. b5 Rxh4 38. bxa6 Rh2 39. Kc3 Kc7 40. Rb2
Rb8 41. a7 Rd8 1-0

[Event "Benidorm 2005 - Torneo de las Estrellas"]
[Site "Benidorm ESP"]
[Date "2005.11.18"]
[Round "5.6"]
[White "Djingarova, Emilia"]
[Black "Kuenitz, Klaus"]
[Result "1/2-1/2"]
[WhiteElo "2358"]
[BlackElo "1891"]
[PlyCount "100"]
[EventDate "2005.11.17"]
[EventType "swiss (rapid)"]
[EventRounds "11"]
[EventCountry "ESP"]
[Source "lmi"]
[SourceDate "2005.11.20"]

1. e4 e6 2. d4 d5 3. Nd2 dxe4 4. Nxe4 Nd7 5. Nf3 Ngf6 6. Bd3 Be7 7. O-O O-O 8.
c3 b6 9. Ne5 Bb7 10. Ng5 Nxe5 11. dxe5 Qd5 12. Nf3 Ng4 13. Bf4 Rad8 14. Be2 Qc5
15. Qc2 Bxf3 16. Bxf3 Nxe5 17. Be4 Ng6 18. Be3 Qh5 19. Bf3 Qh4 20. g3 Qc4 21.
Bg2 Qd3 22. Qa4 a5 23. Rad1 Qe2 24. Rb1 Ne5 25. Qe4 Nd3 26. Bf3 Nc5 27. Qc6 Qa6
28. Rbd1 Qc8 29. b4 axb4 30. cxb4 Nd3 31. a3 Ne5 32. Qb7 Nxf3+ 33. Qxf3 Rxd1
34. Rxd1 Rd8 35. Rc1 c5 36. bxc5 Bxc5 37. Bxc5 bxc5 38. Qc3 Rd5 39. a4 Kf8 40.
a5 Qa6 41. Rb1 Qe2 42. Qb3 Rd2 43. Qb8+ Ke7 44. Qc7+ Kf6 45. Qxc5 Ra2 46. h4 h6
47. Qd4+ Qe5 48. Qxe5+ Kxe5 49. Rb7 Kf6 50. Rb5 e5 1/2-1/2

[Event "Benidorm 2005 - Torneo de las Estrellas"]
[Site "Benidorm ESP"]
[Date "2005.11.18"]
[Round "6.3"]
[White "Karjakin, Sergey"]
[Black "Gomez Baillo, Jorge H"]
[Result "1-0"]
[WhiteElo "2658"]
[BlackElo "2422"]
[PlyCount "119"]
[EventDate "2005.11.17"]
[EventType "swiss (rapid)"]
[EventRounds "11"]
[EventCountry "ESP"]
[Source "lmi"]
[SourceDate "2005.11.20"]

1. e4 c6 2. d4 d5 3. Nc3 dxe4 4. Nxe4 Bf5 5. Ng3 Bg6 6. h4 h6 7. Nf3 Nd7 8. h5
Bh7 9. Bd3 Bxd3 10. Qxd3 Ngf6 11. Bf4 Qa5+ 12. Bd2 Qa4 13. a3 e6 14. b3 Qb5 15.
c4 Qa6 16. O-O Bd6 17. Ne4 Nxe4 18. Qxe4 O-O 19. Ne5 Rad8 20. Be3 f5 21. Qf4 c5
22. Rfe1 Nxe5 23. dxe5 Be7 24. Qg3 Kh8 25. Rad1 Qa5 26. Qg6 f4 27. Bc1 Qb6 28.
Rxd8 Bxd8 29. Rd1 Bg5 30. Rd7 Rg8 31. Qd3 Rd8 32. Rxd8+ Qxd8 33. Qxd8+ Bxd8 34.
Bxf4 Kg8 35. Be3 b6 36. g4 Kf7 37. Kg2 g5 38. f4 a5 39. Kf3 Be7 40. Ke4 Kg8 41.
b4 a4 42. Bd2 cxb4 43. axb4 a3 44. Bc3 a2 45. b5 Bb4 46. Ba1 Kf7 47. fxg5 hxg5
48. Kd3 Bc5 49. Kc2 Ke8 50. Kb3 Kd7 51. Kxa2 Bf8 52. Kb3 Kc7 53. Bd4 Kb7 54.
Be3 Bh6 55. Bc1 Kc7 56. Ba3 Kb7 57. Bd6 Kc8 58. c5 bxc5 59. Kc4 Kb7 60. Kxc5
1-0

[Event "Benidorm 2005 - Torneo de las Estrellas"]
[Site "Benidorm ESP"]
[Date "2005.11.18"]
[Round "6.4"]
[White "Moreto Quintana, Alex"]
[Black "Stefanova, Antoaneta"]
[Result "0-1"]
[WhiteElo "2096"]
[BlackElo "2494"]
[PlyCount "115"]
[EventDate "2005.11.17"]
[EventType "swiss (rapid)"]
[EventRounds "11"]
[EventCountry "ESP"]
[Source "lmi"]
[SourceDate "2005.11.20"]

1. d4 d5 2. c4 c6 3. Nf3 Nf6 4. cxd5 cxd5 5. Nc3 Nc6 6. Bf4 a6 7. e3 Bg4 8. Be2
e6 9. O-O Be7 10. Ne5 Bxe2 11. Qxe2 Rc8 12. Rfc1 O-O 13. Nxc6 Rxc6 14. Na4 Qc8
15. Qd1 Ne4 16. Rxc6 Qxc6 17. Rc1 Qb5 18. Qc2 h6 19. Nc3 Nxc3 20. Qxc3 a5 21.
Qb3 Qxb3 22. axb3 Bb4 23. Kf1 f6 24. Ke2 Re8 25. Rc7 Re7 26. Kd3 Rxc7 27. Bxc7
Kf7 28. f3 Ke8 29. e4 Kd7 30. Bg3 Kc6 31. e5 f5 32. h4 Kb5 33. Bf2 h5 34. Bg3
Be7 35. Be1 g5 36. hxg5 Bxg5 37. Kc2 Be3 38. Kd3 Bc1 39. Kc2 Bg5 40. Kd3 a4 41.
Kc2 Be3 42. Bc3 Bf2 43. bxa4+ Kxa4 44. b3+ Ka3 45. Bb2+ Ka2 46. Bc3 b5 47. Bb2
b4 48. Bc1 Bxd4 49. Bd2 Bc5 50. Bc1 d4 51. f4 d3+ 52. Kxd3 Kxb3 53. Bd2 Bf2 54.
Ke2 Bd4 55. Kd3 Bc3 56. Bc1 Be1 57. Be3 Ka2 58. Bd4 0-1

[Event "Benidorm 2005 - Torneo de las Estrellas"]
[Site "Benidorm ESP"]
[Date "2005.11.18"]
[Round "6.5"]
[White "Korneev, Oleg"]
[Black "Rodkin, Rafael"]
[Result "1-0"]
[WhiteElo "2601"]
[BlackElo "2237"]
[PlyCount "47"]
[EventDate "2005.11.17"]
[EventType "swiss (rapid)"]
[EventRounds "11"]
[EventCountry "ESP"]
[Source "lmi"]
[SourceDate "2005.11.20"]

1. e4 d5 2. exd5 Qxd5 3. Nc3 Qa5 4. d4 Nf6 5. Nf3 Bg4 6. h3 Bh5 7. g4 Bg6 8.
Ne5 e6 9. Bg2 c6 10. h4 Bb4 11. Bd2 Qb6 12. h5 Qxd4 13. Nf3 Qxg4 14. hxg6 Qxg2
15. gxf7+ Kxf7 16. Rg1 Qxg1+ 17. Nxg1 Nbd7 18. Nf3 h6 19. Qe2 Rhe8 20. O-O-O e5
21. Ne4 Bxd2+ 22. Rxd2 Kg8 23. Qc4+ Kh8 24. Nd6 1-0

[Event "Benidorm 2005 - Torneo de las Estrellas"]
[Site "Benidorm ESP"]
[Date "2005.11.18"]
[Round "6.6"]
[White "Minzer, Claudio Javier"]
[Black "Vega Gomez, Francisco B"]
[Result "1-0"]
[WhiteElo "2438"]
[BlackElo "1963"]
[PlyCount "43"]
[EventDate "2005.11.17"]
[EventType "swiss (rapid)"]
[EventRounds "11"]
[EventCountry "ESP"]
[Source "lmi"]
[SourceDate "2005.11.20"]

1. d4 Nf6 2. c4 g6 3. Nc3 d5 4. cxd5 Nxd5 5. Bd2 Nb6 6. Bg5 Bg7 7. Nf3 O-O 8.
Rc1 Nc6 9. e3 Be6 10. Be2 f6 11. Bh4 Qe8 12. Bg3 Qf7 13. Bxc7 Rfc8 14. Bxb6
axb6 15. d5 Rd8 16. Qb3 Na5 17. dxe6 Nxb3 18. exf7+ Kxf7 19. axb3 e5 20. Bc4+
Kf8 21. e4 f5 22. O-O 1-0

[Event "Benidorm 2005 - Torneo de las Estrellas"]
[Site "Benidorm ESP"]
[Date "2005.11.19"]
[Round "7.1"]
[White "Nisipeanu, Liviu-Dieter"]
[Black "Stefanova, Antoaneta"]
[Result "1-0"]
[WhiteElo "2707"]
[BlackElo "2494"]
[PlyCount "69"]
[EventDate "2005.11.17"]
[EventType "swiss (rapid)"]
[EventRounds "11"]
[EventCountry "ESP"]
[Source "lmi"]
[SourceDate "2005.11.20"]

1. e4 e5 2. Nf3 Nc6 3. Bb5 a6 4. Bxc6 dxc6 5. O-O f6 6. d4 exd4 7. Nxd4 c5 8.
Nb3 Qxd1 9. Rxd1 Bg4 10. f3 Bd7 11. Bf4 O-O-O 12. Nc3 c4 13. Na5 Bc5+ 14. Kf1
Bb4 15. Bxc7 Kxc7 16. Nd5+ Kb8 17. Nxb4 Ne7 18. Nxc4 Bb5 19. b3 Rc8 20. Rab1 f5
21. a4 Bxc4+ 22. bxc4 Rhd8 23. Rxd8 Rxd8 24. Nxa6+ Ka7 25. Nc5 b6 26. Nd3 fxe4
27. fxe4 Rd4 28. c5 Nc8 29. Rb4 Rxb4 30. Nxb4 bxc5 31. Nd5 Ka6 32. e5 Ka5 33.
e6 Nd6 34. e7 Ne8 35. Nc3 1-0

[Event "Benidorm 2005 - Torneo de las Estrellas"]
[Site "Benidorm ESP"]
[Date "2005.11.19"]
[Round "7.2"]
[White "Delchev, Aleksander"]
[Black "Karjakin, Sergey"]
[Result "1-0"]
[WhiteElo "2669"]
[BlackElo "2658"]
[PlyCount "125"]
[EventDate "2005.11.17"]
[EventType "swiss (rapid)"]
[EventRounds "11"]
[EventCountry "ESP"]
[Source "lmi"]
[SourceDate "2005.11.20"]

1. e4 c5 2. Nf3 d6 3. d4 cxd4 4. Nxd4 Nf6 5. Nc3 a6 6. Be3 Ng4 7. Bg5 h6 8. Bh4
g5 9. Bg3 Bg7 10. Be2 h5 11. Bxg4 hxg4 12. Nd5 Nc6 13. Nf5 Qa5+ 14. c3 Bxf5 15.
exf5 O-O-O 16. O-O Be5 17. b4 Qa3 18. Qxg4 f6 19. Rfb1 Kb8 20. b5 axb5 21. Rxb5
Rd7 22. Qc4 Na7 23. Rb3 Qc5 24. Qxc5 dxc5 25. Bxe5+ fxe5 26. c4 Rf8 27. Ne3 e4
28. h3 Rf6 29. a4 Nc6 30. Rb6 Nd4 31. a5 Rxb6 32. axb6 Rd6 33. Ra5 Rc6 34. Kh2
Nb3 35. Rb5 Nd4 36. Rb2 Rf6 37. g4 e6 38. fxe6 Rxe6 39. Nd5 Kc8 40. Ra2 Kd7 41.
Ra7 Kc6 42. Ra8 Nf3+ 43. Kg3 Ne5 44. Rc8+ Kd6 45. Ne3 Nd7 46. Rg8 Nxb6 47. Rxg5
Rf6 48. h4 Rf3+ 49. Kg2 Nd7 50. h5 Ne5 51. h6 Nd3 52. Rf5 Nf4+ 53. Rxf4 Rxf4
54. Nf5+ Ke6 55. h7 Rxg4+ 56. Kh3 Kxf5 57. h8=Q Rg5 58. Qf8+ Ke6 59. Qe8+ Kf5
60. Qf7+ Ke5 61. Qe7+ Kf4 62. Qf6+ Rf5 63. Qd6+ 1-0

[Event "Benidorm 2005 - Torneo de las Estrellas"]
[Site "Benidorm ESP"]
[Date "2005.11.19"]
[Round "7.3"]
[White "Korneev, Oleg"]
[Black "Dreev, Alexey"]
[Result "1/2-1/2"]
[WhiteElo "2601"]
[BlackElo "2694"]
[PlyCount "87"]
[EventDate "2005.11.17"]
[EventType "swiss (rapid)"]
[EventRounds "11"]
[EventCountry "ESP"]
[Source "lmi"]
[SourceDate "2005.11.20"]

1. e4 c6 2. c4 d5 3. exd5 cxd5 4. cxd5 Nf6 5. Nc3 Nxd5 6. Nf3 Nc6 7. d4 Bg4 8.
Qb3 Bxf3 9. gxf3 e6 10. Qxb7 Nxd4 11. Bb5+ Nxb5 12. Qc6+ Ke7 13. Qxb5 Qd7 14.
Nxd5+ Qxd5 15. Bg5+ f6 16. Qxd5 exd5 17. Be3 Ke6 18. O-O-O Bb4 19. a3 Rhc8+ 20.
Kb1 Bc5 21. Rhe1 Bxe3 22. Rxe3+ Kd6 23. Rde1 Rc4 24. b3 Rf4 25. Re6+ Kc5 26.
Rc1+ Kd4 27. Rd1+ Kc5 28. b4+ Kc4 29. Rc6+ Kb5 30. Rc5+ Kb6 31. Rdxd5 Rxf3 32.
Rd6+ Kb7 33. Rd7+ Kb6 34. Kb2 Re8 35. Rd6+ Kb7 36. Rd7+ Kb6 37. Rc2 g5 38. Rd6+
Kb7 39. Rd7+ Kb6 40. Rxh7 Rd8 41. Rhc7 Rd2 42. R7c6+ Kb7 43. Rc7+ Kb6 44. R7c6+
1/2-1/2

[Event "Benidorm 2005 - Torneo de las Estrellas"]
[Site "Benidorm ESP"]
[Date "2005.11.19"]
[Round "7.4"]
[White "Djingarova, Emilia"]
[Black "Malakhov, Vladimir"]
[Result "0-1"]
[WhiteElo "2358"]
[BlackElo "2670"]
[PlyCount "82"]
[EventDate "2005.11.17"]
[EventType "swiss (rapid)"]
[EventRounds "11"]
[EventCountry "ESP"]
[Source "lmi"]
[SourceDate "2005.11.20"]

1. e4 c5 2. Nf3 Nc6 3. Bb5 g6 4. Bxc6 bxc6 5. O-O Bg7 6. c3 Nf6 7. Re1 O-O 8.
h3 d6 9. d4 Nd7 10. Be3 Qb6 11. Qc2 Rb8 12. b3 cxd4 13. Nxd4 Qc7 14. Nd2 c5 15.
N4f3 Bb7 16. Rad1 Bc6 17. Bg5 Rbe8 18. Nc4 f6 19. Bc1 Nb6 20. Ne3 Qb7 21. Nf1
f5 22. Ng5 fxe4 23. Ne6 Rf7 24. Nxg7 Kxg7 25. c4 Nd7 26. Ng3 Nf6 27. Bb2 Kg8
28. Qd2 Ref8 29. Re2 Ne8 30. Rde1 e5 31. a3 Qxb3 32. Nf1 Qxc4 33. Ne3 Qe6 34.
Ng4 Rf4 35. Qa5 h5 36. Ne3 R4f7 37. Rd1 Rb7 38. Red2 Bb5 39. Bc3 Bd3 40. f3 c4
41. Qa6 Rb3 0-1

[Event "Benidorm 2005 - Torneo de las Estrellas"]
[Site "Benidorm ESP"]
[Date "2005.11.19"]
[Round "7.5"]
[White "Garcia Fernandez, Carlos"]
[Black "Minzer, Claudio Javier"]
[Result "1/2-1/2"]
[WhiteElo "2346"]
[BlackElo "2438"]
[PlyCount "30"]
[EventDate "2005.11.17"]
[EventType "swiss (rapid)"]
[EventRounds "11"]
[EventCountry "ESP"]
[Source "lmi"]
[SourceDate "2005.11.20"]

1. e4 e6 2. d4 d5 3. e5 c5 4. c3 Qb6 5. Nf3 Nc6 6. a3 Nh6 7. b4 cxd4 8. cxd4
Nf5 9. Be3 f6 10. b5 Nxe3 11. fxe3 Nxe5 12. dxe5 Qxe3+ 13. Qe2 Qc1+ 14. Qd1
Qe3+ 15. Qe2 Qc1+ 1/2-1/2

[Event "Benidorm 2005 - Torneo de las Estrellas"]
[Site "Benidorm ESP"]
[Date "2005.11.19"]
[Round "7.6"]
[White "Neubauer, Martin"]
[Black "Pallardo Lozoya, Jose Vicente"]
[Result "1/2-1/2"]
[WhiteElo "2442"]
[BlackElo "2298"]
[PlyCount "91"]
[EventDate "2005.11.17"]
[EventType "swiss (rapid)"]
[EventRounds "11"]
[EventCountry "ESP"]
[Source "lmi"]
[SourceDate "2005.11.20"]

1. e4 e6 2. d4 d5 3. Nc3 Bb4 4. Nge2 dxe4 5. a3 Be7 6. Nxe4 Nd7 7. N2g3 Ngf6 8.
Bd3 c5 9. Nxc5 Nxc5 10. dxc5 Bxc5 11. O-O Bd7 12. Nh5 g6 13. Ng3 Bf8 14. Bg5 h6
15. Bd2 Bg7 16. Qe2 O-O 17. Rad1 Qc7 18. c4 e5 19. Ne4 Nxe4 20. Bxe4 Bc6 21.
Bc3 Rad8 22. Bd5 Rfe8 23. Rd2 Kh7 24. Rfd1 f5 25. g4 Ba4 26. gxf5 gxf5 27. Qh5
Rf8 28. Re1 e4 29. Kh1 Bxc3 30. bxc3 Be8 31. Qh4 Bf7 32. Rg1 Bxd5 33. Rxd5 Rxd5
34. cxd5 Rf7 35. Qh5 Rf6 36. Qe8 Qf7 37. Qe5 Rg6 38. Rxg6 Kxg6 39. d6 Qc4 40.
Kg2 Qd3 41. Qg3+ Kf6 42. Qh4+ Ke5 43. Qe7+ Kf4 44. Qh4+ Ke5 45. Qe7+ Kf4 46.
Qh4+ 1/2-1/2

[Event "Benidorm 2005 - Torneo de las Estrellas"]
[Site "Benidorm ESP"]
[Date "2005.11.19"]
[Round "8.1"]
[White "Nisipeanu, Liviu-Dieter"]
[Black "Delchev, Aleksander"]
[Result "1-0"]
[WhiteElo "2707"]
[BlackElo "2669"]
[PlyCount "105"]
[EventDate "2005.11.17"]
[EventType "swiss (rapid)"]
[EventRounds "11"]
[EventCountry "ESP"]
[Source "lmi"]
[SourceDate "2005.11.20"]

1. e4 c5 2. Nf3 e6 3. d4 cxd4 4. Nxd4 Nc6 5. Nc3 Qc7 6. Be3 a6 7. Be2 Nf6 8.
O-O Bb4 9. Na4 Be7 10. Nxc6 bxc6 11. Nb6 Rb8 12. Nxc8 Qxc8 13. Bd4 c5 14. Be5
Rb6 15. Qd3 d6 16. Bc3 O-O 17. b3 d5 18. e5 Nd7 19. f4 c4 20. bxc4 Rc6 21. Qh3
Nb6 22. Bd3 g6 23. Rf3 Re8 24. Kh1 Nxc4 25. Raf1 d4 26. f5 exf5 27. Bxd4 Nd2
28. e6 f6 29. Bxf5 Nxf3 30. gxf3 Bf8 31. Bxf6 Bg7 32. Bxg7 Kxg7 33. Rg1 Rxc2
34. e7 Qc7 35. Bxc2 Qxc2 36. Qe6 Qc3 37. Qe4 Qf6 38. Re1 Kf7 39. Qd5+ Kg7 40.
Re6 Qf4 41. Kg2 Kh6 42. Qd7 Qg5+ 43. Kf1 Qc1+ 44. Re1 Qc4+ 45. Re2 Qc1+ 46. Kf2
Qc5+ 47. Re3 Qb5 48. Qxb5 axb5 49. Re4 Kg5 50. Ke3 Kf5 51. Kd4 g5 52. Kd5 g4
53. fxg4+ 1-0

[Event "Benidorm 2005 - Torneo de las Estrellas"]
[Site "Benidorm ESP"]
[Date "2005.11.19"]
[Round "8.2"]
[White "Dreev, Alexey"]
[Black "Malakhov, Vladimir"]
[Result "1/2-1/2"]
[WhiteElo "2694"]
[BlackElo "2670"]
[PlyCount "49"]
[EventDate "2005.11.17"]
[EventType "swiss (rapid)"]
[EventRounds "11"]
[EventCountry "ESP"]
[Source "lmi"]
[SourceDate "2005.11.20"]

1. d4 d5 2. c4 c6 3. Nf3 Nf6 4. Qc2 dxc4 5. Qxc4 Bg4 6. Nbd2 Nbd7 7. g3 e6 8.
Bg2 Be7 9. O-O O-O 10. Nb3 a5 11. Bg5 h6 12. Bxf6 Bxf6 13. e3 Bxf3 14. Bxf3 e5
15. Rad1 exd4 16. exd4 a4 17. Nc5 Nxc5 18. dxc5 Qc7 19. b4 axb3 20. axb3 Rad8
21. b4 Rxd1 22. Rxd1 Rd8 23. Rxd8+ Qxd8 24. b5 Qd4 25. Qxd4 1/2-1/2

[Event "Benidorm 2005 - Torneo de las Estrellas"]
[Site "Benidorm ESP"]
[Date "2005.11.19"]
[Round "8.3"]
[White "Karjakin, Sergey"]
[Black "Garcia Fernandez, Carlos"]
[Result "1-0"]
[WhiteElo "2658"]
[BlackElo "2346"]
[PlyCount "97"]
[EventDate "2005.11.17"]
[EventType "swiss (rapid)"]
[EventRounds "11"]
[EventCountry "ESP"]
[Source "lmi"]
[SourceDate "2005.11.20"]

1. e4 d6 2. d4 Nf6 3. Nc3 e5 4. Nf3 Nbd7 5. Bc4 Be7 6. O-O O-O 7. Re1 c6 8. a4
b6 9. d5 cxd5 10. Nxd5 Nxd5 11. Bxd5 Rb8 12. c3 Nf6 13. Bb3 Bb7 14. Bc2 Qc7 15.
Bg5 Rbd8 16. Bxf6 Bxf6 17. Qd3 g6 18. Bb3 Kg7 19. Bd5 Bc8 20. Rad1 Be7 21. Qc4
Qb8 22. h3 Bd7 23. Nd2 Rc8 24. Qb3 a6 25. Nc4 Bxa4 26. Qxa4 b5 27. Qa2 bxc4 28.
Bxc4 Qb6 29. Re2 a5 30. Qa4 Rc5 31. Rd5 Rfc8 32. Rxc5 Qxc5 33. b3 Qc7 34. Ra2
Bd8 35. g3 h5 36. h4 Rb8 37. Rd2 Rb7 38. Qa3 Be7 39. Rd5 Ra7 40. Qa4 Kf8 41.
Rd3 Bd8 42. Qb5 a4 43. bxa4 Ra5 44. Qb3 Rc5 45. Bd5 Kg7 46. c4 Qa5 47. Kg2 Qe1
48. Qb7 Bc7 49. Rf3 1-0

[Event "Benidorm 2005 - Torneo de las Estrellas"]
[Site "Benidorm ESP"]
[Date "2005.11.19"]
[Round "8.4"]
[White "Cantero, Antonio"]
[Black "Korneev, Oleg"]
[Result "0-1"]
[WhiteElo "2260"]
[BlackElo "2601"]
[PlyCount "90"]
[EventDate "2005.11.17"]
[EventType "swiss (rapid)"]
[EventRounds "11"]
[EventCountry "ESP"]
[Source "lmi"]
[SourceDate "2005.11.20"]

1. e4 e5 2. Bc4 Nf6 3. d3 Nc6 4. Nf3 Bc5 5. c3 a6 6. Bb3 Ba7 7. Nbd2 O-O 8. O-O
d6 9. h3 h6 10. Re1 Nh5 11. Nf1 Qf6 12. Qe2 Be6 13. Be3 Bxe3 14. fxe3 Bxb3 15.
axb3 Qe6 16. g4 Nf6 17. Ng3 d5 18. g5 dxe4 19. gxf6 exf3 20. Qxf3 Qxf6 21. Qxf6
gxf6 22. Rf1 Rad8 23. Rad1 Ne7 24. Rxf6 Nd5 25. Rf3 Rd6 26. Nf5 Rg6+ 27. Kf2
Re8 28. Rg3 Kh7 29. Rdg1 Ree6 30. h4 Ref6 31. e4 Ne7 32. Rf3 Nxf5 33. exf5 Rxg1
34. Kxg1 Kg7 35. Kf2 Rb6 36. b4 Kf6 37. Kg3 a5 38. bxa5 Rxb2 39. d4 Rb5 40.
dxe5+ Rxe5 41. a6 bxa6 42. c4 Rxf5 43. Ra3 a5 44. Kg4 h5+ 45. Kg3 Rc5 0-1

[Event "Benidorm 2005 - Torneo de las Estrellas"]
[Site "Benidorm ESP"]
[Date "2005.11.19"]
[Round "8.5"]
[White "Stefanova, Antoaneta"]
[Black "Gomez Baillo, Jorge H"]
[Result "1/2-1/2"]
[WhiteElo "2494"]
[BlackElo "2422"]
[PlyCount "75"]
[EventDate "2005.11.17"]
[EventType "swiss (rapid)"]
[EventRounds "11"]
[EventCountry "ESP"]
[Source "lmi"]
[SourceDate "2005.11.20"]

1. d4 Nf6 2. Bg5 d5 3. Bxf6 exf6 4. e3 Bd6 5. c4 dxc4 6. Bxc4 O-O 7. Nc3 f5 8.
Qf3 Nd7 9. Nge2 Nf6 10. O-O-O c6 11. h4 Be6 12. Bxe6 fxe6 13. h5 Qe7 14. Nf4
Qf7 15. Nd3 Nd5 16. Ne2 Rae8 17. Kb1 e5 18. dxe5 Bxe5 19. Nxe5 Rxe5 20. Rh4 Re4
21. Rd4 Rxh4 22. Rxh4 a5 23. Rd4 Qf6 24. Nf4 Nxf4 25. Qxf4 Rd8 26. Qc7 Rxd4 27.
exd4 Qxd4 28. Qc8+ Kf7 29. Qxb7+ Kf6 30. Qxc6+ Kg5 31. Qf3 f4 32. a3 a4 33. g3
fxg3 34. fxg3 Qg1+ 35. Ka2 Qd4 36. Qf7 Kg4 37. h6 gxh6 38. Qxh7 1/2-1/2

[Event "Benidorm 2005 - Torneo de las Estrellas"]
[Site "Benidorm ESP"]
[Date "2005.11.19"]
[Round "8.6"]
[White "Minzer, Claudio Javier"]
[Black "Contreras, Henry"]
[Result "1/2-1/2"]
[WhiteElo "2438"]
[BlackElo "2311"]
[PlyCount "137"]
[EventDate "2005.11.17"]
[EventType "swiss (rapid)"]
[EventRounds "11"]
[EventCountry "ESP"]
[Source "lmi"]
[SourceDate "2005.11.20"]

1. d4 d5 2. c4 c6 3. Nf3 Nf6 4. e3 Bf5 5. Nc3 e6 6. Bd3 Bxd3 7. Qxd3 Bd6 8. O-O
O-O 9. e4 dxe4 10. Nxe4 Nxe4 11. Qxe4 Nd7 12. Bg5 Be7 13. Bf4 Nf6 14. Qe2 Qb6
15. Rad1 Rad8 16. b3 Rfe8 17. Rd3 c5 18. Be3 Ng4 19. dxc5 Bxc5 20. Bxc5 Qxc5
21. Rfd1 Rxd3 22. Rxd3 h6 23. h3 Nf6 24. Qe5 Qxe5 25. Nxe5 Kf8 26. f3 Ke7 27.
Kf2 Rc8 28. b4 Rc7 29. Ke3 Nd7 30. Nxd7 Rxd7 31. Ra3 a6 32. c5 e5 33. c6 Rc7
34. cxb7 Rxb7 35. Ra4 Rb6 36. a3 f5 37. Ra5 Ke6 38. g4 g6 39. Rc5 Rd6 40. Ra5
Rc6 41. Kd3 Rd6+ 42. Ke2 h5 43. gxh5 gxh5 44. h4 f4 45. Rc5 Kf5 46. Ra5 Rg6 47.
Kf2 Rc6 48. Ke2 Rc2+ 49. Ke1 Rc3 50. Ke2 Rc2+ 51. Ke1 Rc6 52. Kd2 Rd6+ 53. Kc2
Rg6 54. Kd2 Rg3 55. Ke2 Rg2+ 56. Ke1 Rg6 57. Ke2 Rd6 58. Ke1 Rg6 59. Kf2 Rc6
60. Ke2 Rc2+ 61. Ke1 Rc6 62. Ke2 Ke6 63. Kd3 Rd6+ 64. Kc3 Kf5 65. Kc2 Rg6 66.
Kd2 Rg2+ 67. Ke1 Rh2 68. Kf1 Rxh4 69. Kg2 1/2-1/2